[Event "Europe Echecs Blitz Nov op"]
[Site "Europe Echecs INT"]
[Date "2020.11.08"]
[Round "9"]
[White "David, Sebastien"]
[Black "Vanneste, Axel"]
[Result "1-0"]
[WhiteElo "1883"]
[BlackElo "1395"]
[PlyCount "59"]
[EventDate "2020.11.08"]
[EventType "swiss (blitz)"]
[EventRounds "11"]
[EventCountry "FRA"]
[SourceTitle "CBM 199 Extra"]
[Source "ChessBase"]
[SourceDate "2021.01.31"]
[SourceVersion "1"]
[SourceVersionDate "2021.01.31"]
[SourceQuality "1"]

1. Nf3 e6 2. c4 Nf6 3. Nc3 b6 4. d3 Bb7 5. Bg5 Be7 6. e3 h6 7. Bh4 0-0 8. Be2 c5 9. 0-0 Nc6 10. d4 cxd4 11. exd4 d5 12. cxd5 Nxd5 13. Nxd5 Bxh4 14. Ne3 Bf6 15. d5 exd5 16. Nxd5 Bxb2 17. Rb1 Ba3 18. Qb3 Bc5 19. Rfd1 Qe8 20. Bf1 Qe4 21. Bd3 Qg4 22. h3 Qd7 23. Nf6+ gxf6 24. Bh7+ Kxh7 25. Rxd7 Na5 26. Qe6 Kg7 27. Nh4 Bc8 28. Nf5+ Kg6 29. Qe4 Bxd7 30. Qg4+ 1-0

[Event "FRA-ch Blitz Online Qual"]
[Site "Europe Echecs INT"]
[Date "2020.05.16"]
[Round "8"]
[White "Flores, Victor"]
[Black "Vanneste, Axel"]
[Result "1-0"]
[WhiteElo "1741"]
[BlackElo "1413"]
[PlyCount "125"]
[EventDate "2020.05.16"]
[EventType "swiss (blitz)"]
[EventRounds "15"]
[EventCountry "FRA"]
[SourceTitle "CBM 196 Extra"]
[Source "ChessBase"]
[SourceDate "2020.07.31"]
[SourceVersion "1"]
[SourceVersionDate "2020.07.31"]
[SourceQuality "1"]

1. e4 e5 2. Nf3 Nc6 3. Bb5 a6 4. Ba4 Nf6 5. 0-0 b5 6. Bb3 Nxe4 7. Re1 Nd6 8. Nxe5 Nxe5 9. Rxe5+ Be7 10. d4 0-0 11. Bf4 Bf6 12. Re1 Nf5 13. c3 d6 14. Bd5 Rb8 15. Nd2 b4 16. Nc4 bxc3 17. bxc3 Bb7 18. Bxb7 Rxb7 19. Qf3 d5 20. Na5 Rb2 21. Nb3 Nh4 22. Qd3 Ng6 23. Bc1 Rxb3 24. axb3 Qd6 25. Rxa6 Qd7 26. Bd2 c6 27. Rea1 Qd6 28. g3 h6 29. R1a5 Ne7 30. Be3 Nc8 31. Rc5 Qd7 32. Rcxc6 Na7 33. Rd6 Qc7 34. Rxf6 gxf6 35. Rxf6 Qe7 36. Qf5 Qe4 37. Bxh6 Qxf5 38. Rxf5 Rc8 39. Bd2 Nb5 40. Rxd5 Nxc3 41. Bxc3 Rxc3 42. b4 Rc1+ 43. Kg2 Rb1 44. Rd8+ Kg7 45. Rb8 Kf6 46. Kf3 Ke6 47. h4 Rb3+ 48. Kf4 Kd5 49. h5 Kxd4 50. h6 Kc3 51. h7 Rxb4+ 52. Rxb4 Kxb4 53. h8Q Kc5 54. Qe5+ Kc6 55. Kf5 Kd7 56. Kf6 Kd8 57. Qe7+ Kc8 58. Kxf7 Kb8 59. Ke6 Ka8 60. Kd6 Kb8 61. Kc6 Ka8 62. Kb6 Kb8 63. Qd8# 1-0

[Event "Equeurdreville UST op"]
[Site "Equeurdreville"]
[Date "2012.09.30"]
[Round "5"]
[White "Vanneste, Axel"]
[Black "Hereus, Daniel"]
[Result "0-1"]
[WhiteElo "1199"]
[BlackElo "1610"]
[PlyCount "72"]
[EventDate "2012.09.29"]
[EventType "swiss"]
[EventRounds "5"]
[EventCountry "FRA"]
[SourceTitle "EXT 2014"]
[Source "ChessBase"]
[SourceDate "2013.11.20"]
[SourceVersion "1"]
[SourceVersionDate "2013.11.20"]
[SourceQuality "1"]

1. e4 d5 2. exd5 Qxd5 3. Nc3 Qa5 4. d4 Nf6 5. Nf3 Bg4 6. Be2 Nbd7 7. Qd3 0-0-0 8. Bd2 Bf5 9. Qe3 e6 10. Nb5 Qb6 11. 0-0 a6 12. a4 axb5 13. Bxb5 Nd5 14. Bxd7+ Rxd7 15. Qe5 f6 16. Qe2 Bd6 17. Qb5 Qxb5 18. axb5 c6 19. bxc6 bxc6 20. Ra8+ Bb8 21. Rfa1 Rb7 22. c4 Nb6 23. R8a5 Nxc4 24. Rc5 Nxd2 25. Nxd2 Kd7 26. Nc4 Ba7 27. Rca5 Bxd4 28. Ra8 Rxa8 29. Rxa8 Bd3 30. Ra4 Bxc4 31. Rxc4 Bxb2 32. Rh4 Be5 33. g3 h6 34. f4 Bd4+ 35. Kg2 f5 36. Rh5 c5 0-1